书目信息 |
| 题名: |
论语新探
|
|
| 作者: | 赵纪彬 著 | |
| 分册: | 中 | |
| 出版信息: | 北京 人民出版社 1976 |
|
| 页数: | 174-325页 | |
| 开本: | 26cm | |
| 丛书名: | ||
| 单 册: | ||
| 中图分类: | B222.15 | |
| 科图分类: | ||
| 主题词: | 四书--研究 | |
| 电子资源: | ||
| ISBN: | ||
| 000 | 00578nam0 2200217 45 | |
| 001 | 0176000390 | |
| 005 | 20050519151328.4 | |
| 010 | @dCNY1.80 | |
| 100 | @a19950926d1976 em y0chiy0121 ea | |
| 101 | 0 | @achi |
| 102 | @aCN@b110000 | |
| 105 | @ay z 000yy | |
| 200 | 10 | @a论语新探@Alun yu xin tan@h中@f赵纪彬著@FZhao Ji Bin Zhu |
| 210 | @a北京@c人民出版社@d1976 | |
| 215 | @a174-325页@d26cm | |
| 606 | @a四书@x研究 | |
| 690 | @aB222.15@v3 | |
| 701 | 0 | @a赵纪彬@4著 |
| 801 | 0 | @aCN@b广东省中山图书馆@c20050321 |
| 801 | 2 | @aCN@bNLC@c20050321 |
| 905 | @dB222.15@e85:2@f1@b217406 | |
| 论语新探.中/赵纪彬著.-北京:人民出版社,1976 |
| 174-325页;26cm |
| ISBN :CNY1.80 |
| ● |
| 相关链接 |
|
|
|
|
正题名:论语新探
索取号:B222.15/85:2
 
预约/预借
| 序号 | 登录号 | 条形码 | 馆藏地/架位号 | 状态 | 备注 |
| 1 | 0217406 | 000508418 | 第一样本阅览室/ [索取号:B222.15/85:2] | 在馆 |